Best Albums - In Other Words - Statistics

General Stats
  • This quiz has been taken 64 times
    56 since last reset
  • The average score is 9 of 15
Answer Stats
Hint Answer % Correct
Michael Jackson, 1982: A Very Exciting Experience Thriller
92%
The Clash, 1979: UK Capital On the Phone London Calling
90%
The Beatles, 1969: The Street Where The Nuns Live Abbey Road
88%
Nirvana,1991: Disregard Nevermind
80%
Patti Smith, 1975: Equines Horses
76%
Paul Simon, 1986: Elvis' Mansion Graceland
73%
Bruce Springsteen, 1975: Marathons Are My Life Born to Run
69%
The Rolling Stones, 1971: Adhesive Digits Sticky Fingers
67%
George Michael, 1987: Belief In What You Cannot See Faith
59%
The Fugees, 1996: Number of Points Earned The Score
45%
Neil Young, 1972: Bring In the Crops Harvest
41%
Wilco, 2002: YHF in Phonetic Alphabet Yankee Hotel Foxtrot
37%
Def Leppard, 1987: Uncontrollable Emotion Hysteria
35%
Elvis Costello & The Attractions, 1979: Army, Navy, Air Force... Armed Forces
24%
Cindi Lauper, 1983: That Girl is Not Usual She's So Unusual
22%
No matching quizzes found
Score Distribution
Percent of People with Each Score
Percentile by Number Answered
Your Score History
You have not taken this quiz since the last reset